<The> Global Economy Innovation – Industry 4.0

Konkrétna stratégia pri príprave inovačnej stratégie v najväčšej nemeckej ekonomike a potrebná aplikácia vedeckého pokroku v Európskej únii, ale aj na Slovensku a v Českej republike. Negatívne a pozitívne faktory v globálnom svete.

Salvato in:
Dettagli Bibliografici
Autore principale: Balhar, Vítězslav, Jr
Natura: Capitolo di libro
Lingua:inglese
Soggetti:
Tags: Aggiungi Tag
Nessun Tag, puoi essere il primo ad aggiungerne!!

MARC

LEADER 00000nla a2200000 4500
001 0231324
005 20240502073803.0
041 0 |a eng 
044 |a SK 
245 1 0 |a <The> Global Economy Innovation – Industry 4.0  |c Vítězslav Balhar 
520 |a Konkrétna stratégia pri príprave inovačnej stratégie v najväčšej nemeckej ekonomike a potrebná aplikácia vedeckého pokroku v Európskej únii, ale aj na Slovensku a v Českej republike. Negatívne a pozitívne faktory v globálnom svete. 
610 2 0 |a Európska únia 
610 2 0 |a Slovensko 
610 2 0 |a Česko 
610 2 0 |a Nemecko 
610 2 0 |a priemysel 4.0 
610 2 0 |a technológie informačné 
610 2 0 |a technológie nové 
610 2 0 |a digitalizácia 
610 2 0 |a automatizácia 
100 1 |a Balhar, Vítězslav, Jr.